|
|
|
|
| LEADER |
01963cas a2200325 a 4500 |
| 001 |
AALejournalIMF022282 |
| 008 |
230101c9999 xx r poo 0 0eng d |
| 020 |
|
|
|c 18.00 USD
|
| 020 |
|
|
|z 9781513578361
|
| 022 |
|
|
|a 1018-5941
|
| 040 |
|
|
|a BD-DhAAL
|c BD-DhAAL
|
| 100 |
1 |
|
|a Furceri, Davide.
|
| 245 |
1 |
0 |
|a Are Climate Change Policies Politically Costly? /
|c Davide Furceri, Michael Ganslmeier, Jonathan Ostry.
|
| 264 |
|
1 |
|a Washington, D.C. :
|b International Monetary Fund,
|c 2021.
|
| 300 |
|
|
|a 1 online resource (52 pages)
|
| 490 |
1 |
|
|a IMF Working Papers
|
| 500 |
|
|
|a <strong>Off-Campus Access:</strong> No User ID or Password Required
|
| 500 |
|
|
|a <strong>On-Campus Access:</strong> No User ID or Password Required
|
| 506 |
|
|
|a Electronic access restricted to authorized BRAC University faculty, staff and students
|
| 520 |
3 |
|
|a Are policies designed to avert climate change (Climate Change Policies, or CCPs) politically costly? Using data on governmental popular support and the OECD's Environmental Stringency Index, we find that CCPs are not necessarily politically costly: policy design matters. First, only market-based CCPs (such as emission taxes) generate negative effects on popular support. Second, the effects are muted in countries where non-green (dirty) energy is a relatively small input into production. Third, political costs are not significant when CCPs are implemented during periods of low oil prices, generous social insurance and low inequality.
|
| 538 |
|
|
|a Mode of access: Internet
|
| 650 |
|
7 |
|a Climate
|2 imf
|
| 650 |
|
7 |
|a Environmental Economics
|2 imf
|
| 650 |
|
7 |
|a Foreign Exchange
|2 imf
|
| 650 |
|
7 |
|a Informal Economy
|2 imf
|
| 650 |
|
7 |
|a Underground Econom
|2 imf
|
| 700 |
1 |
|
|a Ganslmeier, Michael.
|
| 700 |
1 |
|
|a Ostry, Jonathan.
|
| 830 |
|
0 |
|a IMF Working Papers; Working Paper ;
|v No. 2021/156
|
| 856 |
4 |
0 |
|z Full text available on IMF
|u http://elibrary.imf.org/view/journals/001/2021/156/001.2021.issue-156-en.xml
|z IMF e-Library
|